000 00571nam a2200145Ia 4500
008 151213s9999 xx 000 0 und d
100 _aমুফতী মো: উবায়দুল্লাহ।
245 _aফাজায়েলে আমল।
_cমুফতী মো: উবায়দুল্লাহ।
260 _aঢাকা
_bদারুল কিতাব।
_c2001
300 _a10994 p.
650 _aBangla
650 _aইসলামী বই
700 _aমুফতী মো: উবায়দুল্লাহ।
999 _c4966
_d4966